| 000 | 00848nam a22001695i 4500 | ||
|---|---|---|---|
| 001 | 161674 | ||
| 003 | ES-MaACL | ||
| 005 | 20230906212333.0 | ||
| 008 | 010212s1859 sp |||| | spa d | ||
| 040 |
_aCAM _bspa _cCAM |
||
| 100 | 1 |
_aPeña-Rubio y Tello, Carlos. _9131096 |
|
| 245 | 1 | 4 |
_aLos moros del Riff _b: apropósito dramático en tres actos, en verso / _coriginal de Carlos Peña-Rubia y Tello. |
| 260 |
_aMadrid : _b[s.n.], _c1859 ( _fImprenta de José Rodríguez) |
||
| 300 |
_a72 p. ; _c18 cm. |
||
| 500 | _aEn port.: Representdo en Madrid en el teatro del Príncipe la noche del 17 de noviembre de 1859, á beneficio de la guerra de Marruecos. | ||
| 852 |
_aES-MaACL _jF-8597(4) _z-- Enc. pasta española _q-- Falto de la cub. original _z-- Enc. en un vol. facticio formando parte de la col. facticia "Teatro español moderno", vol. 50 |
||
| 999 |
_c161674 _d161674 |
||